000 00487nam a2200193Ia 4500
005 20140428101030.0
008 140130s9999 xx 000 0 und d
020 _a9780531237311
050 _aQL 31.G58
_b.V465 2010
100 _aVenezia, Mike
_924604
245 _cMike Venezia /
_aJane Goodall.
260 _bScholastic,
_c2010.
_aUSA :
300 _a32 p. :
_bcol. ill. ;
_c25 cm.
440 _v1
_931174
521 _aG8
526 _c960
942 _cBK
_2lcc
999 _c41307
_d41307